000 01869nam a2200241Ia 4500
008 260220t1991||||xx |||||||||||||| ||spa||
040 _aPY-SlUNAC
_bspa
_erda
041 _aspa
082 _a551.498
_bP212p
110 _aParaguay.
_bMinisterio de Defensa Nacional
_eAutor
245 0 _aPozos someros del chaco paraguayo. Banco electrónico de datos hidrogeológicos /
_cpor Paraguay. Ministerio de Defensa Nacional [Autor]
264 _aFiladelfia :
_bProyecto Par,
_c℗1991.
300 _a1 volumen
520 _aEl libro "Pozos someros del Chaco paraguayo. Banco electrónico de datos hidrogeológicos", publicado en 1991, presenta un estudio detallado de los recursos hídricos subterráneos en la región del Chaco paraguayo. A través de la recopilación y análisis de datos hidrogeológicos, el texto documenta la ubicación, profundidad y características de los pozos someros, proporcionando información esencial para la gestión sostenible del agua en esta área semiárida. Además, el proyecto busca establecer un banco de datos electrónicos que facilite el acceso a la información sobre la disponibilidad y calidad del agua subterránea. Los autores destacan la importancia de estos recursos para el desarrollo agrícola y la supervivencia de las comunidades locales. Este trabajo representa un esfuerzo por integrar la investigación científica con la práctica de gestión de recursos hídricos, promoviendo un uso responsable y eficiente del agua en el Chaco, así como la necesidad de políticas que apoyen la conservación y el desarrollo sostenible de estas fuentes de agua vitales.
653 _aGeología
653 _aHidrología
653 _aRecursos hídricos
942 _b2026/02/17
_cBK
999 _c8053
_d8053